Workshoptechnology-III (Record no. 5256)

MARC details
000 -LEADER
fixed length control field 00299nam a2200121Ia 4500
008 - FIXED-LENGTH DATA ELEMENTS--GENERAL INFORMATION
fixed length control field 150201s2011 xx 000 0 und d
082 ## - DEWEY DECIMAL CLASSIFICATION NUMBER
Classification number 670
Item number YAD
100 ## - MAIN ENTRY--PERSONAL NAME
Personal name Yadav,K.S
245 ## - TITLE STATEMENT
Title Workshoptechnology-III
260 ## - PUBLICATION, DISTRIBUTION, ETC. (IMPRINT)
Name of publisher, distributor, etc. Vaya Education of India
Place of publication, distribution, etc. New Delhi
Date of publication, distribution, etc. 2011
300 ## - PHYSICAL DESCRIPTION
Extent 123p.
942 ## - ADDED ENTRY ELEMENTS (KOHA)
Source of classification or shelving scheme Dewey Decimal Classification
Koha item type Books
Holdings
Withdrawn status Lost status Source of classification or shelving scheme Damaged status Use restrictions Not for loan Home library Current library Shelving location Date acquired SGTU Full call number Barcode Date last seen Bill Date Koha item type Total Checkouts Total Renewals Date last checked out
    Dewey Decimal Classification   Restricted Access Not For Loan SGT Engineering Library SGT Engineering Library Reference Book 28/06/2011 SGTU 670 YAD FE3578 09/02/2015 09/02/2015 Books      
    Dewey Decimal Classification       SGT Engineering Library SGT Engineering Library   28/06/2011 SGTU 670 YAD FE3579 09/02/2015 09/02/2015 Books      
    Dewey Decimal Classification       SGT Engineering Library SGT Engineering Library   28/06/2011 SGTU 670 YAD FE3580 24/05/2018 09/02/2015 Books 3 2 22/05/2018
    Dewey Decimal Classification       SGT Engineering Library SGT Engineering Library   28/06/2011 SGTU 670 YAD FE3581 10/06/2017 09/02/2015 Books 1   24/05/2017
    Dewey Decimal Classification       SGT Engineering Library SGT Engineering Library   28/06/2011 SGTU 670 YAD FE3582 09/02/2015 09/02/2015 Books